000 00660nam a22002297a 4500
003 UA-OsUOA
001 80309
007 ta
008 20111205b un ||||| |||| 00| 0 ukr d
100 _aДанилевский Г. П.
090 _a821.161.1
_bД18
942 _cBK
040 _aUA-OsUOA
_brus
_cUA-OsUOA
_dUA-OsUOA
245 _aБеглые в Новороссии ; Воля ; Княжна Тараканова
_bроманы
300 _a624 с.
955 _a3
041 _arus
080 _a821.161.1
260 _aМ.
_bПравда
_c1983
650 7 _a82 Література. Літературознавство
_2UDC
999 _c366628
_d366628